000 00379nam a22001457a 4500
003 OSt
008 250212b |||||||| |||| 00| 0 eng d
020 _a9789348140968
100 _aZAIDI, Saba
245 _aAndroid Video Calling and Changing Application
260 _aNew Delhi,
_bNaples India:
_c2024.
300 _a153p.
650 _aFaculty Publication
942 _2ddc
_cBK
999 _c13094
_d13094